|
|
|
|
| LEADER |
00000nam0a2200000 4500 |
| 001 |
102907 |
| 005 |
20231031113145.0 |
| 020 |
|
|
|a RU
|b 84-7158
|
| 035 |
|
|
|a (RuTPU)RU\TPU\book\110952
|
| 090 |
|
|
|a 102907
|
| 100 |
|
|
|a 20061009d1983 k a0rusy5003 ca
|
| 101 |
0 |
|
|a rus
|
| 102 |
|
|
|a RU
|
| 105 |
|
|
|a a z 001zy
|
| 200 |
1 |
|
|a Тектоника и нефтегазоносность континентальных окраин
|e сборник научных трудов
|f Всесоюзный нефтяной научно-исследовательский геологоразведочный институт; под ред. Ю. Н. Григоренко
|
| 210 |
|
|
|a Ленинград
|c ВНИГРИ
|d 1983
|
| 215 |
|
|
|a 134 с.
|c ил., 9 л. ил.
|d 22 см
|
| 610 |
1 |
|
|a тектоника
|
| 610 |
1 |
|
|a нефтеносные районы
|
| 610 |
1 |
|
|a газоносные районы
|
| 610 |
1 |
|
|a сборники
|
| 675 |
|
|
|a 551.24
|z rus
|
| 675 |
|
|
|a 553.98
|z rus
|
| 702 |
|
1 |
|a Григоренко
|b Ю. Н.
|4 340
|
| 712 |
0 |
2 |
|a Всесоюзный нефтяной научно-исследовательский геологоразведочный институт (ВНИГРИ)
|c (Ленинград)
|c (1929-1991)
|2 stltpush
|3 (RuTPU)RU\TPU\col\7662
|
| 801 |
|
0 |
|a RU
|b RuMRKP
|c 19950704
|g psbo
|
| 801 |
|
1 |
|a RU
|b 63413507
|c 20061009
|g PSBO
|
| 801 |
|
2 |
|a RU
|b 63413507
|c 20090817
|g PSBO
|
| 942 |
|
|
|c BK
|